| 000 | 00555nam a2200205Ia 4500 | ||
|---|---|---|---|
| 005 | 20250425162225.0 | ||
| 008 | 250425s9999 xx 000 0 und d | ||
| 020 | _a0139696946 | ||
| 041 | _aeng | ||
| 082 | _a658.575 | ||
| 100 | _aCAGAN, JONATHAN | ||
| 245 | 0 | _aCREATING BREAKTHROUGH PRODUCTS: INNOVATION FROM PRODUCT PLANNING TO PROGRAM APPROVAL | |
| 250 | _a1ST ED. | ||
| 260 |
_aEstados Unidos _bPRENTICE-HALL _c2002 |
||
| 260 | _aUPPER SADDLE RIVER | ||
| 300 | _a302 | ||
| 650 | _aDESARROLLO DE PRODUCTOS | ||
| 942 | _c01 | ||
| 010 | _a57841 | ||
| 999 |
_c224861 _d224861 |
||